ARRUPE JESUIT UNIVERSITY

CORONAVIRUS -STOP THE SPREAD - CLEAN,DISINFECT,COVER

The great cham (Record no. 130137)

MARC details
000 -LEADER
fixed length control field 00381nam a22001337a 4500
008 - FIXED-LENGTH DATA ELEMENTS--GENERAL INFORMATION
fixed length control field 200121b ||||| |||| 00| 0 eng d
050 ## - LIBRARY OF CONGRESS CALL NUMBER
Classification number PR3533.B622
100 ## - MAIN ENTRY--PERSONAL NAME
Personal name Boswell, James
9 (RLIN) 48927
245 ## - TITLE STATEMENT
Title The great cham
Statement of responsibility, etc James Boswell
260 ## - PUBLICATION, DISTRIBUTION, ETC. (IMPRINT)
Place of publication, distribution, etc London
Name of publisher, distributor, etc G. Bell and Sons Ltd.
Date of publication, distribution, etc 1933
300 ## - PHYSICAL DESCRIPTION
Extent viii, 255p. ;
Dimensions 18cm.
600 ## - SUBJECT ADDED ENTRY--PERSONAL NAME
Personal name Johnson, Samuel
9 (RLIN) 48928
942 ## - ADDED ENTRY ELEMENTS (KOHA)
Source of classification or shelving scheme Library of Congress Classification
Item type Monograph ( Printed materials)
Holdings
Withdrawn status Lost status Source of classification or shelving scheme Damaged status Not for loan Collection code Home library Current library Shelving location Date acquired Total Checkouts Full call number Barcode Date last seen Price effective from Koha item type
    Library of Congress Classification     Main Collection ARRUPE LIBRARY ARRUPE LIBRARY Main Collection 21/01/2020   PR3533.B622 46600006145 21/01/2020 21/01/2020 Monograph ( Printed materials)

 

Arrupe Library. PO Box MP320 Mt Pleasant, Harare, Zimbabwe
263 242 745411|librarian@aju.ac.zw